Pío XII y el III Reich / (Record no. 153884)

MARC details
000 -LEADER
campo de control de longitud fija 00919nam a2200241 i 4500
001 - NÚMERO DE CONTROL
campo de control 153884
003 - IDENTIFICADOR DE NÚMERO DE CONTROL
campo de control ES-MaACL
005 - FECHA Y HORA DE LA ÚLTIMA TRANSACCIÓN
campo de control 20250901033715.0
008 - DATOS DE LONGITUD FIJA--INFORMACIÓN GENERAL
campo de control de longitud fija 190204s1965 sp |||| | spa d
100 0# - ENTRADA PRINCIPAL--NOMBRE DE PERSONA
Nombre de persona Friedländer, Saul.
9 (RLIN) 52629
245 10 - MENCIÓN DEL TÍTULO
Título Pío XII y el III Reich /
Mención de responsabilidad, etc. Saul Friedländer ; [traducción de Ernest Jordá] ; prólogo de José Mª González Ruiz.
260 ## - PUBLICACIÓN, DISTRIBUCIÓN, ETC.
Lugar de publicación, distribución, etc. Barcelona :
Nombre del editor, distribuidor, etc. Nova Terra,
Fecha de publicación, distribución, etc. 1965.
300 ## - DESCRIPCIÓN FÍSICA
Extensión 272 p. ;
Dimensiones 21 cm.
490 1# - MENCIÓN DE SERIE
Mención de serie Colección "El Mundo y los Hombres" ;
Designación de volumen o secuencia 9
600 04 - PUNTO DE ACCESO ADICIONAL DE MATERIA--NOMBRE DE PERSONA
Nombre de persona Pío
Numeración XII,
Títulos y otros términos asociados al nombre Papa.
9 (RLIN) 92302
610 24 - PUNTO DE ACCESO ADICIONAL DE MATERIA--NOMBRE DE ENTIDAD CORPORATIVA
Nombre de entidad corporativa o nombre de jurisdicción como elemento de entrada Iglesia Católica-
Subdivisión general Relaciones-
Subdivisión geográfica Alemania.
9 (RLIN) 166110
651 #4 - PUNTO DE ACCESO ADICIONAL DE MATERIA--NOMBRE GEOGRÁFICO
Nombre geográfico Alemania-
Subdivisión general Relaciones-
-- Iglesia Católica.
9 (RLIN) 166111
700 1# - ENTRADA AGREGADA--NOMBRE PERSONAL
Nombre de persona Jordà, Ernest,
Fechas asociadas al nombre 1925-1994
9 (RLIN) 166112
700 1# - ENTRADA AGREGADA--NOMBRE PERSONAL
Nombre de persona González Ruiz, José María.
9 (RLIN) 58943
830 00 - PUNTO DE ACCESO ADICIONAL DE SERIE-TÍTULO UNIFORME
Título uniforme Colección el mundo y los hombres
Designación de volumen o secuencia 9
9 (RLIN) 187821
852 ## - LOCALIZACIÓN
Ubicación ES-MaACL
Número de control de estantería P-437-bis-7
Holdings
Estatus retirado Estado de pérdida Estado de daño No para préstamo Biblioteca de origen Biblioteca actual Ubicación en estantería Fecha de adquisición Fuente de adquisición Total de préstamos Signatura topográfica completa Código de barras Visto por última vez Precio de reemplazo Tipo de ítem Koha
        Biblioteca del Ateneo de Madrid Biblioteca del Ateneo de Madrid Depósito 2 04/02/2019     P-437-bis-7 1199786 23/02/2023 23/02/2023 Libro impreso